00464cam a2200169ua 450000100060000000800390000608200080004510000270005324500430008025000120012326000320013530000210016750000290018865300200021770000400023799900170027723131190629n2013 enk |||gr||||Z||||||eng a8231 aAUSTEN, JANE,eAUTHOR. aPRIDE AND PREJUDICEhTextual Documents aREV ED. aLONDONbPENGUIN BOOKSc2013 a400:c20CM+ePB. aRUSA MDC GRANT 2014-2017 aEnglish fiction aAUSTEN, JANE,eAUTHOR., eAUTHOR., c26379d26379